000 00356nam a2200133Ia 4500
008 210210b1969 xxu||||| |||| 00| 0 eng d
082 _a330 DEWE
100 _aDEWETT (Kewal Krishan) & VARMA (J D).
245 _aElements of modern economics.
260 _aND
_bS. Chand & Co. Ltd.
_c1969
300 _avi,509
690 _aEconomic Theory
906 _a028205
999 _c79459
_d79459